Una modernidad hecha a mano (Record no. 10869)
[ view plain ]
| 000 -CABECERA | |
|---|---|
| campo de control de longitud fija | 01477nam a22004097a 4500 |
| 001 - NÚMERO DE CONTROL | |
| campo de control | BRCA_9250 |
| 003 - IDENTIFICADOR DEL NÚMERO DE CONTROL | |
| campo de control | FranzMayer |
| 005 - FECHA Y HORA DE LA ÚLTIMA TRANSACCIÓN | |
| campo de control | 20230717135631.0 |
| 008 - DATOS DE LONGITUD FIJA--INFORMACIÓN GENERAL | |
| campo de control de longitud fija | 230712b |||||||| |||| 00| 0 eng d |
| 020 ## - NÚMERO INTERNACIONAL ESTÁNDAR DEL LIBRO | |
| Número Internacional Estándar del Libro | 978607305993 |
| 040 ## - FUENTE DE LA CATALOGACIÓN | |
| Centro catalogador/agencia de origen | MFM |
| Lengua de catalogación | esp |
| Centro/agencia transcriptor | MFM |
| 041 ## - CÓDIGO DE LENGUA | |
| Código de lengua del texto/banda sonora o título independiente | sp |
| 050 #0 - SIGNATURA TOPOGRÁFICA DE LA BIBLIOTECA DEL CONGRESO | |
| Número de clasificación | NK.1396.A76 |
| Número de documento/Ítem | U53 2022 |
| 110 1# - ENTRADA PRINCIPAL--NOMBRE DE ENTIDAD CORPORATIVA | |
| Nombre de entidad corporativa o nombre de jurisdicción como elemento de entrada | UNAM |
| Unidad subordinada | MUAC |
| 9 (RLIN) | 28661 |
| 240 ## - TÍTULO UNIFORME | |
| Título uniforme | Una modernidad hecha a mano |
| Medio | Diseño artesanal en México 1952-2022 |
| Lenguaje de la obra | spa |
| 245 0# - MENCIÓN DE TÍTULO | |
| Título | Una modernidad hecha a mano |
| Resto del título | Diseño artesanal en México 1952-2022 |
| 260 ## - PUBLICACIÓN, DISTRIBUCIÓN, ETC. | |
| Lugar de publicación, distribución, etc. | CDMX, México |
| Nombre del editor, distribuidor, etc. | UNAM |
| Fecha de publicación, distribución, etc. | 2022 |
| 300 ## - DESCRIPCIÓN FÍSICA | |
| Extensión | 88 p |
| Otras características físicas | ilustraciones |
| Dimensiones | 22 cm |
| 500 ## - NOTA GENERAL | |
| Nota general | L60/N5 |
| 505 0# - NOTA DE CONTENIDO CON FORMATO | |
| Nota de contenido con formato | Destinado a: Artistas, diseñadores, historiadores, investigadores, museógrafos Texto en: español |
| 610 1# - PUNTO DE ACCESO ADICIONAL DE MATERIA--NOMBRE DE ENTIDAD CORPORATIVA | |
| Nombre de entidad corporativa o nombre de jurisdicción como elemento de entrada | UNAM |
| Unidad subordinada | MUAC |
| 9 (RLIN) | 28662 |
| 650 1# - PUNTO DE ACCESO ADICIONAL DE MATERIA--TÉRMINO DE MATERIA | |
| Fuente del encabezamiento o término | Artes decorativas |
| Término de materia o nombre geográfico como elemento de entrada | México |
| Subdivisión de forma | Historia |
| 9 (RLIN) | 28834 |
| 651 1# - PUNTO DE ACCESO ADICIONAL DE MATERIA--NOMBRE GEOGRÁFICO | |
| Fuente del encabezamiento o término | Arte-México |
| Nombre geográfico | México |
| Subdivisión cronológica | 1952-2022 |
| 9 (RLIN) | 28663 |
| 700 1# - PUNTO DE ACCESO ADICIONAL--NOMBRE DE PERSONA | |
| Código de función/relación | Ed. |
| Nombre de persona | López García, Vanessa |
| 9 (RLIN) | 28664 |
| 700 1# - PUNTO DE ACCESO ADICIONAL--NOMBRE DE PERSONA | |
| Código de función/relación | Coor. Ed |
| Nombre de persona | Villaseñor Villareal, Javier |
| 9 (RLIN) | 28665 |
| 700 1# - PUNTO DE ACCESO ADICIONAL--NOMBRE DE PERSONA | |
| Código de función/relación | Coor. Ed. |
| Nombre de persona | Mújica, Yerem |
| 9 (RLIN) | 28666 |
| 700 1# - PUNTO DE ACCESO ADICIONAL--NOMBRE DE PERSONA | |
| Código de función/relación | Cor. |
| Nombre de persona | Ivette Aguilar, Daniela |
| 9 (RLIN) | 28667 |
| 700 1# - PUNTO DE ACCESO ADICIONAL--NOMBRE DE PERSONA | |
| Código de función/relación | Fot. |
| Nombre de persona | Bracho, José |
| 9 (RLIN) | 28668 |
| 700 1# - PUNTO DE ACCESO ADICIONAL--NOMBRE DE PERSONA | |
| Código de función/relación | Fot. |
| Nombre de persona | Kochen, Francisco |
| 9 (RLIN) | 28669 |
| 700 1# - PUNTO DE ACCESO ADICIONAL--NOMBRE DE PERSONA | |
| Código de función/relación | Fot. |
| Nombre de persona | Landal, Gerardo |
| 9 (RLIN) | 28670 |
| 700 1# - PUNTO DE ACCESO ADICIONAL--NOMBRE DE PERSONA | |
| Código de función/relación | Fot. |
| Nombre de persona | Maya, Agustín |
| 9 (RLIN) | 28671 |
| 700 1# - PUNTO DE ACCESO ADICIONAL--NOMBRE DE PERSONA | |
| Código de función/relación | Fot. |
| Nombre de persona | Salas Portugal, Armando |
| 9 (RLIN) | 28672 |
| 700 1# - PUNTO DE ACCESO ADICIONAL--NOMBRE DE PERSONA | |
| Código de función/relación | Fot |
| Nombre de persona | Schwalkwijk, Bob |
| 9 (RLIN) | 28673 |
| 700 1# - PUNTO DE ACCESO ADICIONAL--NOMBRE DE PERSONA | |
| Código de función/relación | Dis |
| Nombre de persona | Paoli, Christina |
| 9 (RLIN) | 28674 |
| 710 1# - PUNTO DE ACCESO ADICIONAL--NOMBRE DE ENTIDAD CORPORATIVA | |
| Nombre de entidad corporativa o nombre de jurisdicción como elemento de entrada | UNAM |
| Unidad subordinada | MUAC |
| 9 (RLIN) | 28661 |
| 942 ## - ELEMENTOS DE PUNTO DE ACCESO ADICIONAL (KOHA) | |
| Fuente del sistema de clasificación o colocación | Library of Congress Classification |
| Tipo de ítem Koha | Libros |
| Estado de retiro | Estado de pérdida | Fuente del sistema de clasificación o colocación | Estado dañado | No para préstamo | Código de colección | Localización permanente | Ubicación/localización actual | Fecha de adquisición | Fuente de adquisición | Total de préstamos | Signatura topográfica completa | Código de barras | Fecha visto por última vez | Número de copia | Precio válido a partir de | Tipo de ítem Koha |
|---|---|---|---|---|---|---|---|---|---|---|---|---|---|---|---|---|
| El ejemplar forma parte de la colección y puede ser consultado según las políticas vigentes. | Library of Congress Classification | Fondo Contemporáneo | Biblioteca del Museo Franz Mayer (Rogerio Casas-Alatriste) | Biblioteca del Museo Franz Mayer (Rogerio Casas-Alatriste) | 12/07/2023 | Donación | NK.1396.A76 U53 2022 | CONT10046 | 12/07/2023 | 1 | 12/07/2023 | Libros |